Global economic prospects and the developing countries
Kaydedildi:
| Materyal Türü: | Kitap |
|---|---|
| Dil: | Undetermined |
| Baskı/Yayın Bilgisi: |
Washington, DC
World Bank
2000
|
| Konular: | |
| Etiketler: |
Etiketle
Etiket eklenmemiş, İlk siz ekleyin!
|
| Thư viện lưu trữ: | Trung tâm Học liệu Trường Đại học Cần Thơ |
|---|
| LEADER | 00426nam a2200145Ia 4500 | ||
|---|---|---|---|
| 001 | CTU_52905 | ||
| 008 | 210402s9999 xx 000 0 und d | ||
| 082 | |a 330.9 | ||
| 082 | |b G562 | ||
| 245 | 0 | |a Global economic prospects and the developing countries | |
| 260 | |a Washington, DC | ||
| 260 | |b World Bank | ||
| 260 | |c 2000 | ||
| 650 | |a international economic relations | ||
| 980 | |a Trung tâm Học liệu Trường Đại học Cần Thơ | ||